Name that City random - Statistics

General Stats
  • This quiz has been taken 6 times
  • The average score is 9 of 50
Answer Stats
Country Population City % Correct
China 45.9 million Guangzhou
80%
Indonesia 37.6 million Jakarta
80%
India 32.9 million Mumbai
60%
Japan 41.4 million Tokyo
60%
China 29.2 million Beijing
40%
India 13.8 million Chennai
40%
Vietnam 6.2 million Da Nang
40%
India 36.9 million Delhi
40%
Bangladesh 24.5 million Dhaka
40%
South Africa 13.9 million Johannesburg
40%
Democratic Republic of the Congo 5.8 million Kinshasa
40%
Mexico 34.8 million Mexico City
40%
Japan 27.8 million Osaka
40%
China 24.2 million Xi’an-Xiamen
40%
Iraq 3.9 million Baghdad
20%
Colombia 5.6 million Bogota
20%
China 6.7 million Harbin
20%
India 6.9 million Hyderabad
20%
Pakistan 4.9 million Islamabad
20%
Peru 10.0 million Lima
20%
Japan 26.2 million Nagoya
20%
United States of America 28.6 million New York City
20%
France 5.7 million Paris
20%
Pakistan 5.9 million Peshawar
20%
Brazil 26.8.million São Paulo
20%
China 6.4 million Shenyang
20%
China 6.7 million Wuhan
20%
United Arab Emirates 4.7 million Abu Dhabi
0%
Ethiopia 4.8 million Addis Ababa
0%
Egypt 6.8 million Alexandria
0%
Spain 4.8 million Barcelona
0%
Colombia 3.6 million Cali
0%
United States of America 4.9 million Chicago
0%
Bangladesh 3.6 million Chittagong
0%
Sri Lanka 1.6 million Colombo
0%
China 3.8 million Dalian
0%
India 3.6 million Dispur
0%
Tanzania 4.8 million Dodoma
0%
United States of America 4.6 million Houston
0%
Bolivia 4.8 million La Paz
0%
France 3.6 million Lyon
0%
Indonesia 4.7 million Malang
0%
Belarus 4.3 million Minsk
0%
Kenya 3.6 million Mombasa
0%
Panama 3.8 million Panama City
0%
Cambodia 5.2 million Phnom Penh
0%
India 3.7 million Pune
0%
Saudi Arabia 4.3 million Riyadh
0%
Italy 4.9 million Rome
0%
Australia 4.9 million Sydney
0%
No matching quizzes found
Score Distribution
Percent of People with Each Score
Percentile by Number Answered
Your Score History
You have not taken this quiz